| 000 | 00837nam a2200253Ia 4500 | ||
|---|---|---|---|
| 003 | OSt | ||
| 005 | 20220927105623.0 | ||
| 006 | a|||||r|||| 00| 0 | ||
| 007 | ta | ||
| 008 | 220926b |||||||| |||| 00| 0 eng d | ||
| 020 | _a9789211170573 | ||
| 024 | _a196422 | ||
| 037 | _cReference Collections | ||
| 040 |
_aRTL _cRTL _beng |
||
| 041 |
_2eng _aeng |
||
| 082 | _a"X9(JB).791.P06, Q2/UN" | ||
| 110 | _aUNITED NATIONS ECONOMIC COMMISSION FOR EUROPE | ||
| 245 | 0 | _aNorth American forest sector outlook study | |
| 260 |
_aNew _b"York, United Nations, " _c2012 |
||
| 490 |
_v01493990: 2006-2030 (65p) _aGeneva Timber and Forest Study Paper 29 |
||
| 700 | _aUNITED NATIONS ECONOMIC COMMISSION FOR EUROPE | ||
| 942 |
_h"X9(JB).791.P06, Q2/UN" _cCC |
||
| 999 |
_c693471 _d693471 |
||